000 00641nam a22002177a 4500
003 OSt
005 20140310182816.0
008 130228t xxu||||| |||| 00| 0 eng d
020 _a9780060851132
050 _aHD 2346 U5
_b.D78 1993
100 _aDrucker, Peter F.
245 _aInnovation and entrepreneurship :
_bpractice and principles /
_cPeter F. Drucker
260 _aNew York
_bHarper Business
_c1993
300 _aix, 277 p. :
_c24 cm.
521 _aBSBA
562 _e1
650 _a1. Small business-United States.
650 _a 2. New Business enterprises- United Staes.
942 _2lcc
_cBK
_kFOR
999 _c16276
_d16276